The Sermon on the Mount / (Record no. 4444)

MARC details
000 -LEADER
fixed length control field 00549nam a22001937a 4500
003 - CONTROL NUMBER IDENTIFIER
control field GBCCL
005 - DATE AND TIME OF LATEST TRANSACTION
control field 20241126110518.0
008 - FIXED-LENGTH DATA ELEMENTS--GENERAL INFORMATION
fixed length control field 180122b xxu||||| |||| 00| 0 eng d
020 ## - INTERNATIONAL STANDARD BOOK NUMBER
International Standard Book Number 0801023637
040 ## - CATALOGING SOURCE
Transcribing agency gbc
082 ## - DEWEY DECIMAL CLASSIFICATION NUMBER
Classification number 226.9
Item number CHA
100 ## - MAIN ENTRY--PERSONAL NAME
Personal name Chappell, Clovis G.
9 (RLIN) 8314
245 ## - TITLE STATEMENT
Title The Sermon on the Mount /
Statement of responsibility, etc. Clovis G. Chappell
260 ## - PUBLICATION, DISTRIBUTION, ETC.
Name of publisher, distributor, etc. Baker Book House,
Place of publication, distribution, etc. Michigan:
Date of publication, distribution, etc. 1978
300 ## - PHYSICAL DESCRIPTION
Extent 227 p.;
Dimensions 19 cm.
440 ## - SERIES STATEMENT/ADDED ENTRY--TITLE
Title Pocket Pulpit Library
9 (RLIN) 8315
650 ## - SUBJECT ADDED ENTRY--TOPICAL TERM
Topical term or geographic name entry element Bible
Form subdivision New Testament
General subdivision Sermon on the Mount
9 (RLIN) 8296
942 ## - ADDED ENTRY ELEMENTS (KOHA)
Source of classification or shelving scheme Dewey Decimal Classification
Koha item type Books
Koha issues (borrowed), all copies 2
Holdings
Withdrawn status Lost status Source of classification or shelving scheme Damaged status Not for loan Home library Current Library Shelving location Date acquired Total checkouts Total renewals Full call number Barcode Date last seen Date last checked out Copy number Price effective from Koha item type
    Dewey Decimal Classification     GRACE BIBLE COLLEGE GRACE BIBLE COLLEGE Biblical Studies 2018-01-22 5 3 226.9 CHA 009175 2025-05-01 2025-01-28 c.1 2018-01-22 Books
© Grace Bible College Library 2025